Elementos de ciencia política

Zapisane w:
Opis bibliograficzny
1. autor: Tobar Donoso, Julio (Autor)
Format: Książka
Język:hiszpański
Wydane: Quito Universidad Católica 1981
Wydanie:4a. ed
Hasła przedmiotowe:
Etykiety: Dodaj etykietę
Nie ma etykietki, Dołącz pierwszą etykiete!

MARC

LEADER 00000nam a2200000 a 4500
001 UCX7060
003 CL-VaPUC
008 930915e19810000EC |||||||||||||||||spa|d
082 0 4 |a 320  |b TOB  |2 21 
100 0 |a Tobar Donoso, Julio  |e author  |9 323815 
245 1 0 |a Elementos de ciencia política 
250 |a 4a. ed 
300 |a 444 p 
942 |c BK 
945 |d 19930915 00:00:00 
260 |a Quito  |b Universidad Católica  |c 1981 
650 0 |a Ciencias Políticas  |9 255201 
650 0 |a Manuales  |9 257144 
583 |a last modification  |c 20180327 04:33:35  |k Rodrigo Vera 
999 |c 226979  |d 226977 
952 |0 0  |1 0  |4 0  |6 320_000000000000000_TOB_1981  |7 0  |8 A  |9 225703  |a BIBHIS  |b BIBHIS  |d 2019-11-15  |i 2943336  |o 320 TOB 1981  |p 2943336  |r 2025-01-20  |w 2019-11-15  |y BK  |k HIS